Začíname s jednoduchým účtovníctvom individuálny on-line kurz

Salvato in:
Dettagli Bibliografici
Autore principale: Baštincová, Anna
Natura: Libro
Lingua:slovacco
Pubblicazione: Bratislava Verlag Dashöfer 2006
Soggetti:
Tags: Aggiungi Tag
Nessun Tag, puoi essere il primo ad aggiungerne!!

MARC

LEADER 00000nlm$a2200000$$$4500
001 0041790
005 20240502071512.0
041 0 |a slo 
044 |a SK 
245 1 0 |a Začíname s jednoduchým účtovníctvom  |b individuálny on-line kurz  |c Anna Baštincová 
264 1 |a Bratislava  |b Verlag Dashöfer  |c 2006 
610 2 0 |a účtovníctvo 
610 2 0 |a účtovníctvo jednoduché 
610 2 0 |a závierka účtovná 
610 2 0 |a knihy účtovné 
610 2 0 |a podnikanie 
610 2 0 |a majetok 
610 2 0 |a zásoby 
100 1 |a Baštincová, Anna